HERBAL DRUG TECHNOLOGY (Record no. 26439)

MARC details
000 -LEADER
fixed length control field 00377nam a22001697a 4500
003 - CONTROL NUMBER IDENTIFIER
control field SGT
020 ## - INTERNATIONAL STANDARD BOOK NUMBER
International Standard Book Number 9788173717871
082 ## - DEWEY DECIMAL CLASSIFICATION NUMBER
Classification number 615.1
Item number H23A
100 ## - MAIN ENTRY--PERSONAL NAME
Personal name AGRAWAL,S.S.
245 ## - TITLE STATEMENT
Title HERBAL DRUG TECHNOLOGY
250 ## - EDITION STATEMENT
Edition statement 2ND
260 ## - PUBLICATION, DISTRIBUTION, ETC. (IMPRINT)
Place of publication, distribution, etc HYDERABAD
Name of publisher, distributor, etc UNIVERSITY PRESS
Year of Publication 2023
300 ## - PAGE DESCRIPTION
No. of Pages 816
650 ## - SUBJECT ADDED ENTRY--TOPICAL TERM
Topical term or geographic name as entry element PHARMACY
653 ## - KEYWORDS--INDEX TERM
Keyword term HARBAL, DRUG, TECHNOLOGY
942 ## - ADDED ENTRY ELEMENTS (KOHA)
Source of classification or shelving scheme Dewey Decimal Classification
Koha item type Books
Holdings
Withdrawn status Lost status Source of classification or shelving scheme Damaged status Not for loan Collection code Home library Current library Shelving location Date acquired Vendor Name Cost, normal purchase price SGTU Bill Number Total Checkouts Full call number Accession No. (Barcode) Date last seen Bill Date Koha item type Date last borrowed
    Dewey Decimal Classification     PHARMACY SGT FA-FP Library SGT FA-FP Library Text Book 30/05/2024 AHUJA PUBLICATION 1950.00 SGTU 18906   615.1 H23A FP4766 30/05/2024 08/05/2024 Books  
    Dewey Decimal Classification     PHARMACY SGT FA-FP Library SGT FA-FP Library Text Book 30/05/2024 AHUJA PUBLICATION 1950.00 SGTU 18906 3 615.1 H23A FP4767 16/06/2025 08/05/2024 Books 16/06/2025
    Dewey Decimal Classification     PHARMACY SGT FA-FP Library SGT FA-FP Library Text Book 30/05/2024 AHUJA PUBLICATION 1950.00 SGTU 18906   615.1 H23A FP4768 30/05/2024 08/05/2024 Books  
    Dewey Decimal Classification     PHARMACY SGT FA-FP Library SGT FA-FP Library Text Book 30/05/2024 AHUJA PUBLICATION 1950.00 SGTU 18906 1 615.1 H23A FP4769 15/04/2025 08/05/2024 Books 04/04/2025
    Dewey Decimal Classification     PHARMACY SGT FA-FP Library SGT FA-FP Library Text Book 30/05/2024 AHUJA PUBLICATION 1950.00 SGTU 18906   615.1 H23A FP4770 30/05/2024 08/05/2024 Books